|
|
|
|
| LEADER |
01388nam a2200337 i 4500 |
| 001 |
44473 |
| 003 |
BD-DhAAL |
| 005 |
20250707143044.0 |
| 008 |
250707t2013 nyu 000 1 eng |
| 010 |
|
|
|a 2024731400
|
| 020 |
|
|
|a 9789384898083
|
| 035 |
|
|
|a 23982798
|
| 040 |
|
|
|a DLC
|b eng
|e rda
|e pn
|c DLC
|d BD-DhAAL
|
| 043 |
|
|
|a a-af---
|
| 050 |
0 |
0 |
|a PS3608.O832
|
| 082 |
0 |
0 |
|a 813.6
|2 23
|
| 100 |
1 |
|
|a Hosseini, Khaled.,
|e author
|
| 245 |
1 |
0 |
|a And the mountains echoed /
|c Khaled Hosseini.
|
| 260 |
|
|
|a India :
|b Bloomsbury Publishing,
|c 2014
|
| 300 |
|
|
|a 466 pages ;
|c 25 cm
|
| 541 |
|
|
|a Donated by Farhana Zahir (Assistant Professor, BBS, BRAC University
|e 44473
|
| 650 |
|
0 |
|a Families
|v Fiction.
|
| 650 |
|
0 |
|a Interpersonal relations
|v Fiction.
|
| 650 |
|
0 |
|a Community life
|v Fiction.
|9 21456
|
| 651 |
|
0 |
|a Afghanistan
|v Fiction.
|
| 655 |
|
0 |
|a Domestic fiction.
|
| 655 |
|
7 |
|a Fiction.
|2 lcgft
|
| 776 |
0 |
8 |
|i Print Version:
|t And the mountains echoed
|d New York : Riverhead Books, 2013.
|z 9781594631764
|w (DLC) 2013004004
|
| 942 |
|
|
|2 ddc
|c BK
|
| 999 |
|
|
|c 47322
|d 47322
|
| 952 |
|
|
|0 0
|1 0
|2 ddc
|4 0
|6 813_600000000000000_HOS
|7 0
|9 77857
|a BRACUL
|b BRACUL
|c NEW
|d 2025-07-07
|e Donated by Farhana Zahir Assistant Professor, BBS, BRAC University.
|l 6
|m 37
|o 813.6 HOS
|p 3010044473
|q 2026-06-02
|r 2026-04-21
|s 2026-04-21
|t 1
|w 2025-07-07
|y BK
|x Donated by Farhana Zahir Assistant Professor, BBS, BRAC University ; ₹599.00
|